Argentina 2022 FIFA World Cup Winning Squad - Sudden Death - Statistics

General Stats
  • This quiz has been taken 1,391 times
  • The average score is 16 of 26
Answers on the Grid
Answers color-coded by a green-red scale on the quiz's grid according to % correct below.
Alexis Mac Allister
Alisson
Ángel Correa
Ángel Di María
Bruno Fernandes
Bryan Ruiz
Carlos Tevez
Cristian Romero
Cristiano Ronaldo
Diego Milito
Emiliano Martínez
Enzo Fernández
Éver Banega
Exequiel Palacios
Ezequiel Garay
Ezequiel Lavezzi
Federico Fazio
Fernando Muslera
Franco Armani
Gabriel Mercado
Germán Pezzella
Gerónimo Rulli
Gonzalo Higuaín
Gonzalo Montiel
Guido Rodríguez
Guillermo Ochoa
Héctor Herrera
Hernán Crespo
Hirving Lozano
Javier Mascherano
Javier Saviola
Juan Foyth
Juan Sebastián Verón
Julián Álvarez
Keylor Navas
Lautaro Martínez
Leandro Paredes
Lionel Messi
Lisandro Martínez
Lucas Biglia
Lucas Torreira
Marcos Acuña
Martín Demichelis
Maxi Rodríguez
Nahuel Molina
Neymar
Nicolás Otamendi
Nicolás Tagliafico
Papu Gómez
Paulo Dybala
Raúl Jiménez
Roberto Firmino
Rodrigo Bentancur
Rodrigo De Paul
Rogelio Funes Mori
Rui Patrício
Sergio Agüero
Sergio Romero
Thiago Almada
Willy Caballero
 
Answer Stats
Answer % Correct
Alexis Mac Allister
96%
Ángel Di María
95%
Emiliano Martínez
84%
Enzo Fernández
83%
Cristian Romero
75%
Lionel Messi
72%
Julián Álvarez
70%
Lautaro Martínez
69%
Ángel Correa
66%
Rodrigo De Paul
66%
Lisandro Martínez
63%
Leandro Paredes
62%
Paulo Dybala
61%
Nicolás Otamendi
60%
Gonzalo Montiel
59%
Marcos Acuña
59%
Nicolás Tagliafico
58%
Nahuel Molina
56%
Exequiel Palacios
46%
Papu Gómez
45%
Gerónimo Rulli
43%
Juan Foyth
41%
Franco Armani
36%
Thiago Almada
35%
Germán Pezzella
33%
Guido Rodríguez
32%
No matching quizzes found
Score Distribution
Percent of People with Each Score
Percentile by Number Answered
Your Score History
You have not taken this quiz